00377nam a2200121Ia 4500008004100000082001500041100001700056245007500073260003900148300001000187630001800197650004000215211109s9999||||xx |||||||||||||| ||und|| a920bBUN-L aBunyan, John 0aLife and Death of Mr. Badman, the Holyman Text Ed. By John Brown Camle bNATIONAL BOOKSTALLaKottayamc1925 a431p. xGeneral Stack aBiographyxBiography- Autobiography